Normal view MARC view
  • Triangles (Interpersonal relations)

Entry Topical Term

Number of records used in: 10

001 - CONTROL NUMBER

  • control field: 7637

003 - CONTROL NUMBER IDENTIFIER

  • control field: NUST

005 - DATE AND TIME OF LATEST TRANSACTION

  • control field: 20171227103301.0

008 - FIXED-LENGTH DATA ELEMENTS

  • fixed length control field: 171227|| aca||aabn | a|a d

040 ## - CATALOGING SOURCE

  • Original cataloging agency: NUST
  • Transcribing agency: NUST

150 ## - HEADING--TOPICAL TERM

  • Topical term or geographic name entry element: Triangles (Interpersonal relations)
  • Form subdivision: Fiction.

670 ## - SOURCE DATA FOUND

  • Source citation: Work cat.: (NUST)0: King, Stephen, 1947- 7636, Christine /, 1983.
© 2023 Central Library, National University of Sciences and Technology. All Rights Reserved.